Effective groundwater model calibration : (Record no. 10648)

MARC details
000 -LEADER
fixed length control field 01611cam a2200361 i 4500
001 - CONTROL NUMBER
control field 14202282
003 - CONTROL NUMBER IDENTIFIER
control field EG-ScBUE
005 - DATE AND TIME OF LATEST TRANSACTION
control field 20260119094155.0
008 - FIXED-LENGTH DATA ELEMENTS--GENERAL INFORMATION
fixed length control field 051216s2007 njuab f b 001 0 eng d
020 ## - INTERNATIONAL STANDARD BOOK NUMBER
International Standard Book Number 047177636X (cloth)
020 ## - INTERNATIONAL STANDARD BOOK NUMBER
International Standard Book Number 9780471776369 (hbk.)
035 ## - SYSTEM CONTROL NUMBER
System control number (OCoLC)ocm62728602
035 ## - SYSTEM CONTROL NUMBER
System control number (OCoLC)62728602
040 ## - CATALOGING SOURCE
Original cataloging agency DLC
Language of cataloging eng
Description conventions rda
Transcribing agency DLC
Modifying agency BAKER
-- UKM
-- BTCTA
-- C#P
-- YDX
-- YDXCP
-- AGL
-- DLC
-- EG-ScBUE
082 04 - DEWEY DECIMAL CLASSIFICATION NUMBER
Classification number 551.49015118
Edition number 22
Item number HIL
100 1# - MAIN ENTRY--PERSONAL NAME
Personal name Hill, Mary C.
Fuller form of name (Mary Cassandra)
Relator term author.
245 10 - TITLE STATEMENT
Title Effective groundwater model calibration :
Remainder of title with analysis of data, sensitivities, predictions, and uncertainty /
Statement of responsibility, etc Mary C. Hill, Claire R. Tiedeman.
264 #1 - PUBLICATION, DISTRIBUTION, ETC. (IMPRINT)
Place of publication, distribution, etc Hoboken, N.J. :
Name of publisher, distributor, etc Wiley-Interscience,
Date of publication, distribution, etc 2007.
300 ## - PHYSICAL DESCRIPTION
Extent xviii, 455 pages :
Other physical details illustrations, maps ;
Dimensions 24 cm
336 ## - CONTENT TYPE
Source rdacontent
Content type term text
Content type code txt
337 ## - MEDIA TYPE
Media type term unmediated
Source rdamedia
Media type code n
338 ## - CARRIER TYPE
Carrier type term volume
Carrier type code nc
Source rdacarrier
504 ## - BIBLIOGRAPHY, ETC. NOTE
Bibliography, etc Includes bibliographical references and index.
650 #7 - SUBJECT ADDED ENTRY--TOPICAL TERM
Topical term or geographic name as entry element Groundwater
General subdivision Mathematical models.
Source of heading or term BUEsh
650 #7 - SUBJECT ADDED ENTRY--TOPICAL TERM
Topical term or geographic name as entry element Hydrologic models.
Source of heading or term BUEsh
655 ## - INDEX TERM--GENRE/FORM
Form subdivision Reading book
700 1# - ADDED ENTRY--PERSONAL NAME
Personal name Tiedeman, Claire R.,
Relator term author.
856 41 - ELECTRONIC LOCATION AND ACCESS
Materials specified Table of contents only
Uniform Resource Identifier <a href="http://www.loc.gov/catdir/toc/ecip065/2005036657.html">http://www.loc.gov/catdir/toc/ecip065/2005036657.html</a>
856 42 - ELECTRONIC LOCATION AND ACCESS
Materials specified Contributor biographical information
Uniform Resource Identifier <a href="http://www.loc.gov/catdir/enhancements/fy0740/2005036657-b.html">http://www.loc.gov/catdir/enhancements/fy0740/2005036657-b.html</a>
856 42 - ELECTRONIC LOCATION AND ACCESS
Materials specified Publisher description
Uniform Resource Identifier <a href="http://www.loc.gov/catdir/enhancements/fy0740/2005036657-d.html">http://www.loc.gov/catdir/enhancements/fy0740/2005036657-d.html</a>
942 ## - ADDED ENTRY ELEMENTS (KOHA)
Source of classification or shelving scheme Dewey Decimal Classification
Koha item type Book - Borrowing
Holdings
Withdrawn status Lost status Source of classification or shelving scheme Damaged status Not for loan Collection code Home library Current library Shelving location Date acquired Source of acquisition Cost, normal purchase price Serial Enumeration / chronology Total Checkouts Full call number Barcode Date last seen Price effective from Koha item type
    Dewey Decimal Classification     Alahram Central Library Central Library First floor 03/02/2009   629.70 6486   551.49015118 HIL 000014551 15/07/2025 03/02/2009 Book - Borrowing